000 00573nam a2200193Ia 4500
008 240729s9999 xx 000 0 und d
022 _a1286-4692
245 0 _aM@n@gement
260 _aFrance
260 _bAssociation International de Management Stratégique (AIMS)
650 _a Business
650 _a Commerce
650 _a Industries. Land use. Labor
650 _a Management. Industrial management | Social Sciences
650 _aSocial Sciences
856 _uhttps://doaj.org/toc/79871bed038d4905a2d1c309457e0da7
942 _2ddc
942 _cDOAJEJ
999 _c68528
_d68528
945 _a1
_bMadushi Gamage
_c1
_dMadushi Gamage